Central Library OPAC University of Rajshahi

Problems from Locke / (Record no. 30979)

MARC details
000 -LEADER
fixed length control field 00872cam a2200301 i 4500
001 - CONTROL NUMBER
control field 30979
003 - CONTROL NUMBER IDENTIFIER
rucl marc code BD-RjUL
005 - DATE AND TIME OF LATEST TRANSACTION
control field 20211209051638.0
008 - FIXED-LENGTH DATA ELEMENTS--GENERAL INFORMATION
fixed length control field 140413s1976 enk b 001 0 eng
020 ## - INTERNATIONAL STANDARD BOOK NUMBER
International Standard Book Number 0198245556 :
-- 0198750366
035 ## - SYSTEM CONTROL NUMBER
System control number (BD-RjUL)31066
040 ## - CATALOGING SOURCE
Original cataloging agency DLC
Transcribing agency DLC
Modifying agency DLC
-- BD-RjUL
Language of cataloging eng
041 ## - LANGUAGE CODE
Language code of text/sound track or separate title eng
082 00 - DEWEY DECIMAL CLASSIFICATION NUMBER
Classification number 121
Author mark and year MAP 1976
100 1# - MAIN ENTRY--PERSONAL NAME
Personal name Mackie, J. L.
Fuller form of name (John Leslie)
9 (RLIN) 92306
245 10 - TITLE STATEMENT
Title Problems from Locke /
Statement of responsibility, etc. by J. L. Mackie.
260 ## - PUBLICATION, DISTRIBUTION, ETC. (IMPRINT)
Place of publication, distribution, etc. Oxford [Eng.] :
Name of publisher, distributor, etc. Clarendon Press,
Date of publication, distribution, etc. c1976.
300 ## - PHYSICAL DESCRIPTION
Pagination ix, 237 p. ;
Size 23 cm.
504 ## - BIBLIOGRAPHY, ETC. NOTE
Bibliography, etc Bibliography: p. [229]-232.
Bibliography, etc Includes index.
600 10 - SUBJECT ADDED ENTRY--PERSONAL NAME
Personal name Locke, John,
Dates associated with a name 1632-1704.
650 #0 - SUBJECT ADDED ENTRY--TOPICAL TERM
Topical term or geographic name as entry element Knowledge, Theory of.
9 (RLIN) 94161
Topical term or geographic name as entry element Perception.
9 (RLIN) 94162
Topical term or geographic name as entry element Substance (Philosophy)
9 (RLIN) 3984
942 ## - ADDED ENTRY ELEMENTS (KOHA)
Source of classification or shelving scheme Dewey Decimal Classification
Koha item type Books
Holdings
Lost status Source of classification or shelving scheme Damaged status Not for loan Collection code Permanent Location Current Location Shelving location Date acquired Source of acquisition Cost, normal purchase price Total Checkouts Full call number Date last seen Copy number Koha item type
  Dewey Decimal Classification     Non-fiction Central Library, University of Rajshahi Central Library, University of Rajshahi   26/06/1997 Paragon Enterprise,Dhaka. 13.91   121 MAP 1976 13/04/2014 C-10 Books
  Dewey Decimal Classification     Non-fiction Central Library, University of Rajshahi Central Library, University of Rajshahi   26/06/1997 Dhaka, Paragon ent. Ltd. 13.90   121 MAP 1976 13/04/2014 C-9 Books
  Dewey Decimal Classification   Not For Loan Non-fiction Central Library, University of Rajshahi Central Library, University of Rajshahi Reading Room 26/06/1997 Paragon Enterprises Dhaka 13.90   121 MAP 1976 13/04/2014 C-1 Books
  Dewey Decimal Classification     Non-fiction Central Library, University of Rajshahi Central Library, University of Rajshahi   26/06/1997 Paragon Enterprises Dhaka 13.90   121 MAP 1976 13/04/2014 C-2 Books
  Dewey Decimal Classification     Non-fiction Central Library, University of Rajshahi Central Library, University of Rajshahi   25/03/1997 Paragon Enterprises Dhaka 13.97   121 MAP 1976 13/04/2014 C-3 Books
  Dewey Decimal Classification     Non-fiction Central Library, University of Rajshahi Central Library, University of Rajshahi   28/06/1997 Paragon Enterprises Dhaka 13.97   121 MAP 1976 13/04/2014 C-4 Books
  Dewey Decimal Classification     Non-fiction Central Library, University of Rajshahi Central Library, University of Rajshahi   14/08/1994 Ankur,Prokashone Dhaka 12.95   121 MAP 1976 15/04/2014 C-5 Books
  Dewey Decimal Classification     Non-fiction Central Library, University of Rajshahi Central Library, University of Rajshahi   14/08/1998 Aligrah Lib. Dhaka. 12.75   121 MAP 1976 15/04/2014 C-6 Books
  Dewey Decimal Classification     Non-fiction Central Library, University of Rajshahi Central Library, University of Rajshahi   14/08/1994 Aligrah Lib. Dhaka. 12.95   121 MAP 1976 15/04/2014 C-7 Books
  Dewey Decimal Classification     Non-fiction Central Library, University of Rajshahi Central Library, University of Rajshahi   29/06/1997 Paragon Enterprise,Dhaka. 13.97   121 MAP 1976 15/04/2014 C-8 Books